Statistiques concernant The Walking Dead, Game Of Thrones ou Breaking Bad ?

Cliquez ici pour prendre le quiz!

Statistiques générales

  • Ce quiz a été pris 109 fois
  • Le résultat moyen est 70 sur 100

Statistiques - réponses

HintRéponse% Correct
Daryl DixonThe Walking Dead
98%
Maggie GreeneThe Walking Dead
95%
Rick GrimesThe Walking Dead
94%
Eddard « Ned » StarkGame of Thrones
93%
MichonneThe Walking Dead
93%
Walter Hartwell « Walt » White / « Heisenberg »Breaking Bad
91%
Daenerys TargaryenGame of Thrones
91%
Carol PeletierThe Walking Dead
91%
Skyler WhiteBreaking Bad
90%
Walter White Jr. / « Flynn »Breaking Bad
90%
Ver GrisGame of Thrones
90%
Negan SmithThe Walking Dead
90%
Theon GreyjoyGame of Thrones
88%
Glenn RheeThe Walking Dead
88%
Jesse PinkmanBreaking Bad
87%
Jon SnowGame of Thrones
87%
Robert BaratheonGame of Thrones
87%
Khal DrogoGame of Thrones
87%
Jaime LannisterGame of Thrones
87%
Saul GoodmanBreaking Bad
86%
Tara ChamblerThe Walking Dead
85%
Ezekiel SuttonThe Walking Dead
85%
Marie SchraderBreaking Bad
84%
VarysGame of Thrones
84%
Eugene PorterThe Walking Dead
84%
Henry « Hank » SchraderBreaking Bad
81%
Jorah MormontGame of Thrones
80%
Sandor CleganeGame of Thrones
80%
Petyr « Littlefinger » BaelishGame of Thrones
80%
Gabriel StokesThe Walking Dead
80%
Skinny PeteBreaking Bad
79%
Brienne de TorthGame of Thrones
78%
Shane WalshThe Walking Dead
78%
Rosita EspinosaThe Walking Dead
78%
Davos MervaultGame of Thrones
77%
TormundGame of Thrones
77%
YgritteGame of Thrones
77%
Bronn de la NeraGame of Thrones
77%
Abraham FordThe Walking Dead
77%
Loras TyrellGame of Thrones
76%
GendryGame of Thrones
76%
Samwell TarlyGame of Thrones
76%
MissandeiGame of Thrones
76%
Gus FringBreaking Bad
74%
Yumiko OkumuraThe Walking Dead
74%
Sasha WilliamsThe Walking Dead
74%
Ramsay BoltonGame of Thrones
73%
MélisandreGame of Thrones
73%
Andrea HarrisonThe Walking Dead
73%
Tuco SalamancaBreaking Bad
72%
Jaqen H'gharGame of Thrones
72%
Mike EhrmantrautBreaking Bad
70%
Ted BenekeBreaking Bad
70%
VèreGame of Thrones
70%
Morgan JonesThe Walking Dead
69%
Paul « Jesus » RoviaThe Walking Dead
69%
Juanita « Princesse » SanchezThe Walking Dead
67%
Tyreese WilliamsThe Walking Dead
67%
Daario NaharisGame of Thrones
66%
Le Grand MoineauGame of Thrones
66%
ShaeGame of Thrones
66%
Talisa MaegyrGame of Thrones
66%
Brandon « Badger » MayhewBreaking Bad
64%
Christian « Combo » OrtegaBreaking Bad
64%
Ellaria SandGame of Thrones
64%
Don EladioBreaking Bad
63%
Steven GomezBreaking Bad
63%
Podrick PayneGame of Thrones
63%
SiddiqThe Walking Dead
63%
Anne / « Jadis »The Walking Dead
63%
Béric DondarrionGame of Thrones
62%
Domingo Gallardo « Krazy 8 » MolinaBreaking Bad
60%
Gale BoetticherBreaking Bad
60%
Bob StookeyThe Walking Dead
60%
Dale HorvathThe Walking Dead
60%
Brock CantilloBreaking Bad
59%
Janos SlyntGame of Thrones
59%
Elliott SchwartzBreaking Bad
58%
Juan BolsaBreaking Bad
58%
Emilio KoyamaBreaking Bad
58%
Max « Stephanie » MercerThe Walking Dead
58%
Gretchen SchwartzBreaking Bad
56%
Todd AlquistBreaking Bad
56%
GonzoBreaking Bad
56%
EnidThe Walking Dead
55%
Spencer MonroeThe Walking Dead
55%
OshaGame of Thrones
53%
Pamela MiltonThe Walking Dead
53%
Deanna MonroeThe Walking Dead
51%
Leah ShawThe Walking Dead
49%
Dan WachsbergerBreaking Bad
48%
Michael MercerThe Walking Dead
48%
Philip BlakeThe Walking Dead
48%
Jane MargolisBreaking Bad
44%
George MerkertBreaking Bad
43%
Lance HornsbyThe Walking Dead
40%
Jack WelkerBreaking Bad
38%
Duane ChowBreaking Bad
38%
Lydia Rodarte-QuayleBreaking Bad
38%
Huell BabineauxBreaking Bad
36%

Distribution des résultats

Percentile par nombre de réponses

% des personnes avec chaque résultat

Votre développement - résultats

Vous n’avez pas pris ce quiz